Монгол ардын үлгэр домог (Бичлэгийн дугаар. 57099)

MARC дэлгэрэнгүй
000 -Удирдлага
Ном зүйн бүртгэл тоо буюу кодлох утгыг агуулсан 00711 a2200241 4500
003 - ХЯНАЛТЫН ТОО ТОДОРХОЙЛОГЧ
Код MN-UlNLM
005 - ХАМГИЙН СҮҮЛИЙН ҮЕИЙН ХЭЛЦЛИЙН ОГНОО БА ЦАГ
Тухайн бичилтийг бичсэн засварласан сүүлийн огноо. 20230502192235.0
008 - ЕРӨНХИЙ МЭДЭЭЛЭЛ-ЭЛЕМЕНТҮҮДИЙН ӨГӨГДЛИЙН УРТ
fixed length control field a130s1982 mp ||||| |||| 00| 0 mon d
040 ## - ЭХ СУРВАЛЖИЙГ ТОДОРХОЙЛОН БИЧИХ
Анхны каталогийн байгууллага Монгол Улсын Үндэсний номын сан
041 ## - ХЭЛНИЙ КОД
Текстийн хэлний код/фонограм буюу салангид гарчиг Монгол
084 ## - БУСАД АНГИЛЛЫН ДУГААР
Ангиллын нэр Аравтын ангилал
Анги 89Мон
Зохиогчийн 3-н тэмдэгт М 692
Шинжлэх ухааны мэдлэгийн салбар Уран зохиол - 84
245 0# - ҮНДСЭН ГАРЧИГ
Гарчиг Монгол ардын үлгэр домог
250 ## - ХЭВЛЭЛТИЙН ТУХАЙ МЭДЭЭ
Дахин хэвлэлтийн мэдээ 1
260 1# - ГАРАЛТЫН ТУХАЙ МЭДЭЭ
Хэвлэгдсэн он 1982
Хэвлэгдсэн газар УБ
Хэвлэлийн газар УХГ
300 ## - ТООНЫ МЭДЭЭ
Хуудасны тоо 174х
490 ## - БОТИЙН/ЦУВРАЛЫН ТУХАЙ МЭДЭЭ
Ботийн/Цувралын дугаар Цувр. 2(5)
500 ## - НОМЫН ТОВЧ АГУУЛГА
Дэлгэрэнүй тайлбар 31 үлгэр, 30 домог багтсан.
546 ## - ХЭЛНИЙ ТУХАЙ МЭДЭЭ
Хэл
653 ## - ТҮЛХҮҮР ҮГС
Түлхүүр үг Уран зохиол
-- Ардын аман зохиол, утга зохиол
856 ## - ЭЛЕКТРОН БАЙРЛАЛ БА ХОЛБООС
Төрөл Хэвлэмэл ном
942 ## - ЭЛЕМЕНТИЙН ТӨРӨЛ
Төрөл Ном
Захиалгууд
Буцаан татагдсан төлөв Хасагдсан шалтгаан Гэмтсэн төлөв Данс заагч Захиалах боломжгүй Үндсэн номын сан Одоогийн байршил Салбар танхим Сан хөмрөг 5 Бүртгэсэн огноо Тавиурын заалт Баркод Үнэ Хамгийн сүүлд байсан огноо Нийт уншлаганд гарсан тоо Хамгийн сүүлд уншлаганд гарсан огноо Төрөл Бүрдүүлэлтийн эх үүсвэр
          МУҮНомын сан салбар МУҮНомын сан салбар МУҮНС салбар | Язгуур танхим 8 давхар   2021-09-02 189191 00189191 1.15 2021-09-02 1 2019-10-30 Ном  
          МУҮНомын сан салбар МУҮНомын сан салбар МУҮНС салбар | Язгуур танхим 8 давхар   2021-09-02 189205 00189205 1.15 2025-01-22 2 2025-01-22 Ном  
          МУҮНомын сан салбар МУҮНомын сан салбар МУҮНС салбар | Язгуур танхим 8 давхар   2021-09-02 189203 00189203 1.15 2021-09-02     Ном  
          МУҮндэсний Номын сан МУҮндэсний Номын сан МУҮНС төв | Үлдэх нөөц МУҮНС төв | Үлдэх нөөц 2021-09-24 189201 00189201 1.15 2021-09-24     Ном  
          МУҮндэсний Номын сан МУҮндэсний Номын сан МУҮНС төв | Үлдэх нөөц МУҮНС төв | Үлдэх нөөц 2021-09-24 189193 00189193 1.15 2021-09-24     Ном  
          МУҮндэсний Номын сан МУҮндэсний Номын сан МУҮНС төв | Ойр фонд МУҮНС төв | Ойр фонд 2021-09-24 189197 00189197 1.15 2021-09-24     Ном  
          МУҮндэсний Номын сан МУҮндэсний Номын сан МУҮНС төв | Үлдэх нөөц МУҮНС төв | Үлдэх нөөц 2021-09-24 189195 00189195 1.15 2021-09-24     Ном  
          МУҮндэсний Номын сан МУҮндэсний Номын сан МУҮНС төв | Үлдэх нөөц МУҮНС төв | Үлдэх нөөц 2021-09-24 189198 00189198 1.15 2021-09-24     Ном  
          МУҮндэсний Номын сан МУҮндэсний Номын сан МУҮНС төв | Үлдэх нөөц МУҮНС төв | Үлдэх нөөц 2021-09-24 189200 00189200 1.15 2021-09-24     Ном  
          МУҮндэсний Номын сан МУҮндэсний Номын сан МУҮНС төв | Үлдэх нөөц МУҮНС төв | Үлдэх нөөц 2021-09-24 189199 00189199 1.15 2021-09-24     Ном  
          МУҮндэсний Номын сан МУҮндэсний Номын сан МУҮНС төв | Үлдэх нөөц МУҮНС төв | Үлдэх нөөц 2021-09-24 189192 00189192 1.15 2021-09-24 1 2018-11-14 Ном  
        Албан хэрэгцээнд МУҮндэсний Номын сан МУҮндэсний Номын сан МУҮНС төв | Архив фонд төв байр МУҮНС төв | Архив фонд төв байр 2022-10-05 10881 003110010881 1.15 2022-10-05     Ном Нөхөн бүрдүүлэлт
          МУҮндэсний Номын сан Монгол номын фонд МУҮНС төв | Ойр фонд МУҮНС төв | Ойр фонд 2021-09-24 189194 00189194 1.15 2026-04-17 10 2026-04-17 Ном